Plant growth substances (Record no. 21428)

MARC details
000 -LEADER
fixed length control field 00760nam a2200301Ia 4500
082 ## - DEWEY DECIMAL CLASSIFICATION NUMBER
Classification number 581.143
Item number SKO
245 #0 - TITLE STATEMENT
Title Plant growth substances
260 ## - PUBLICATION, DISTRIBUTION, ETC. (IMPRINT)
Place of publication Wisconsin
Name of publisher University of Wisconsin
Year of publication 1951
650 ## - SUBJECT ADDED ENTRY--TOPICAL TERM
Topical Term Algae
650 ## - SUBJECT ADDED ENTRY--TOPICAL TERM
Topical Term Amino acid
650 ## - SUBJECT ADDED ENTRY--TOPICAL TERM
Topical Term Crop plant
650 ## - SUBJECT ADDED ENTRY--TOPICAL TERM
Topical Term Fungi
650 ## - SUBJECT ADDED ENTRY--TOPICAL TERM
Topical Term Growth factor
650 ## - SUBJECT ADDED ENTRY--TOPICAL TERM
Topical Term Higher plant
650 ## - SUBJECT ADDED ENTRY--TOPICAL TERM
Topical Term Horticultural plant
650 ## - SUBJECT ADDED ENTRY--TOPICAL TERM
Topical Term In vitro
650 ## - SUBJECT ADDED ENTRY--TOPICAL TERM
Topical Term Plant growth substance
650 ## - SUBJECT ADDED ENTRY--TOPICAL TERM
Topical Term Plant hormone
650 ## - SUBJECT ADDED ENTRY--TOPICAL TERM
Topical Term Plant metabolism
650 ## - SUBJECT ADDED ENTRY--TOPICAL TERM
Topical Term Plant tissue
650 ## - SUBJECT ADDED ENTRY--TOPICAL TERM
Topical Term Reproductive development
650 ## - SUBJECT ADDED ENTRY--TOPICAL TERM
Topical Term Toxicity
650 ## - SUBJECT ADDED ENTRY--TOPICAL TERM
Topical Term Vegetative development
650 ## - SUBJECT ADDED ENTRY--TOPICAL TERM
Topical Term Vitamin
700 ## - ADDED ENTRY--PERSONAL NAME
Personal name SKOOG, Folke
942 ## - ADDED ENTRY ELEMENTS (KOHA)
Koha item type Books
Holdings
Withdrawn status Lost status Damaged status Not for loan Home library Current library Date acquired Full call number Accession Number Koha item type
        RRII Library RRII Library 16/12/2021 581.143 SKO 02144 Books